| 000 | 00351nam a2200145Ia 4500 | ||
|---|---|---|---|
| 008 | 191201s2013 xx 000 0 und d | ||
| 082 |
_a624.171 _bPAD |
||
| 100 | _aPAULTRE,Patrick | ||
| 245 | 0 | _aDynamics of Structures | |
| 250 | _aRep | ||
| 260 |
_aN. delhi _bWiley Dreautech India _c2013 |
||
| 300 | _a784 | ||
| 650 | _aB.Tech(CE) | ||
| 942 |
_2ddc _cBK |
||
| 999 |
_c5691 _d5691 |
||